Vybrané špecifiká a súčasné postavenie islamského finančného sektora
Charakteristika súčasného postavenia a špecifiká islamského bankového a finančného sektora. Vybrané špecifické zásady fungovania finančného sektora a investovania z pohľadu islamského práva šaría. Charakteristika povinnosti platiť zakát a zákaz riba. Súčasné postavenie islamského finančného sektora...
Salvato in:
| Autore principale: | |
|---|---|
| Natura: | Capitolo di libro |
| Lingua: | slovacco |
| Soggetti: | |
| Tags: |
Nessun Tag, puoi essere il primo ad aggiungerne!!
|
MARC
| LEADER | 00000nla a2200000 4500 | ||
|---|---|---|---|
| 001 | 0223127 | ||
| 005 | 20240502073642.1 | ||
| 041 | 0 | |a slo | |
| 044 | |a SK | ||
| 245 | 1 | 0 | |a Vybrané špecifiká a súčasné postavenie islamského finančného sektora |c Jana Drutarovská |
| 520 | |a Charakteristika súčasného postavenia a špecifiká islamského bankového a finančného sektora. Vybrané špecifické zásady fungovania finančného sektora a investovania z pohľadu islamského práva šaría. Charakteristika povinnosti platiť zakát a zákaz riba. Súčasné postavenie islamského finančného sektora a to z regionálneho hľadiska, celkového množstva aktív v súlade so šaríou, množstva islamských finančných inštitúcií, postavenia islamských cenných papierov a skupiny islamských indexov. Vybrané rozdiely medzi konvenčným a islamským modelom v kontexte zákazu riba podľa americkej finančnej spoločnosti LARIBA. | ||
| 610 | 2 | 0 | |a islam |
| 610 | 2 | 0 | |a banky |
| 610 | 2 | 0 | |a trh finančný |
| 610 | 2 | 0 | |a operácie bankové |
| 610 | 2 | 0 | |a zisk |
| 610 | 2 | 0 | |a strata |
| 610 | 2 | 0 | |a pôžičky |
| 610 | 2 | 0 | |a úver bankový |
| 610 | 2 | 0 | |a papiere cenné |
| 100 | 1 | |a Drutarovská, Jana, 1989- | |